000 00528cam a2200205 4500
001 J110947
008 000000n2001 000 0 eng u
035 _a(Sirsi) u110947
050 _a333.335
110 _aStrutt & Parker
_92509
245 _aFarmland review - January 2001
260 _aLondon
_bStutt and Parker
_c2001
300 _a1 folded sheet ; 30cm.
650 _aAGRICULTURE
650 _aFARMLAND MARKET
650 _aFARMING
650 _aAGRICULTURAL LAND PRICES
690 _aRural
_96268
942 _n0
999 _c101167
_d101167